[Event "Torino Sada op"]
[Site "Torino"]
[Date "2012.10.29"]
[Round "7"]
[White "Nalbone, Valerio"]
[Black "Matta, Domenico"]
[Result "1-0"]
[WhiteElo "1473"]
[BlackElo "1394"]
[PlyCount "59"]
[EventDate "2012.09.17"]
[EventType "swiss"]
[EventRounds "7"]
[EventCountry "ITA"]
[SourceTitle "EXT 2018"]
[Source "ChessBase"]
[SourceDate "2017.10.13"]
[SourceVersion "1"]
[SourceVersionDate "2017.10.13"]
[SourceQuality "1"]

1. d4 d5 2. c4 c6 3. Nf3 f6 4. Nc3 e6 5. e4 Bb4 6. Bd3 Ne7 7. 0-0 Nd7 8. Bd2 a6 9. Qc2 b5 10. cxd5 cxd5 11. exd5 Nxd5 12. Rfe1 N7b6 13. Bxh7 Ke7 14. Nh4 Kd6 15. Nxd5 Nxd5 16. Bxb4+ Nxb4 17. Qc5+ Kd7 18. Qxb4 Rxh7 19. d5 exd5 20. Rad1 Bb7 21. Ng6 Kc7 22. Rc1+ Kb6 23. a4 Rc8 24. Qd4+ Ka5 25. b4+ Kxa4 26. Ra1+ Kb3 27. Reb1+ Kc2 28. Rc1+ Kb3 29. Rab1+ Ka4 30. Qa1# 1-0